Oregon True Or False? - Statistics

General Stats
  • This quiz has been taken 113 times
  • The average score is 13 of 15
Answer Stats
Question Answer % Correct
Portland is the capital of Oregon False
100%
Oregon borders Canada False
100%
Oregon's state animal is a duck False
100%
Oregon touches the Pacific Ocean True
100%
Nike headquarters is located in Beaverton, Oregon True
100%
The Oregon trail was the longest land route used in the Westward Expansion of the United States True
100%
Oregon's highest point is Mt. Hood True
88%
Most of the Oregon-Washington border is formed by the Columbia River True
88%
Government Camp, Oregon is the official campsite for the US government False
82%
The proposed state of Jefferson includes part of Oregon True
82%
Oregon is home to the biggest mushroom on Earth True
71%
Oregon's most populous county shares a name with a bordering state False
65%
Crater Lake is the deepest lake in the United States True
65%
The University of Oregon is located in Corvallis False
59%
Oregon has 2 national parks False
53%
No matching quizzes found
Score Distribution
Percent of People with Each Score
Percentile by Number Answered
Your Score History
You have not taken this quiz